Match the College Team Names #9 - Statistics

General Stats
  • This quiz has been taken 24 times
  • The average score is 13 of 20
Answer Stats
Hint Answer % Correct
Wisconsin Badgers
100%
Clemson Tigers
100%
Stanford Cardinal
90%
West Virginia Mountaineers
90%
Arizona Wildcats
90%
Fresno State Bulldogs
80%
Belmont Bruins
75%
Air Force Falcons
70%
Iona Gaels
65%
Buffalo Bulls
60%
Central Michigan Chippewas
60%
UC Irvine Anteaters
55%
Bucknell Bison
50%
Delaware State Hornets
50%
Loyola Chicago Ramblers
50%
Florida A&M Rattlers
50%
UMBC Retrievers
50%
Portland State Vikings
50%
South Dakota Coyotes
40%
Niagara Purple Eagles
40%
No matching quizzes found
Score Distribution
Percent of People with Each Score
Percentile by Number Answered
Your Score History
You have not taken this quiz